Bytový dom

Enregistré dans:
Détails bibliographiques
Auteur principal: Josai, Tomáš (Auteur)
Autres auteurs: Puškár, Anton (Directeur de thèse)
Format: Manuscrit Livre
Langue:slovaque
Publié: 2017
Sujets:
Accès en ligne:http://is.stuba.sk/zp/portal_zp.pl?podrobnosti=111542
https://opac.crzp.sk/?fn=detailBiblioForm&sid=18225BB4525340AB795B64F3993B
Tags: Ajouter un tag
Pas de tags, Soyez le premier à ajouter un tag!

MARC

LEADER 00000ntm a22000003a 4500
001 stuzp62988
003 SK-STU
005 20230531134617.4
007 ta
008 150427s2015----xo-----f-mn---000-0-slo-d
040 |a STU  |b slo 
041 0 |a slo 
100 1 |a Josai, Tomáš  |u 010000  |4 aut  |T SvF Stavebná fakulta  |X 65287  |U V  |Y 10  |7 65287 
242 0 1 |a Residential house  |y eng 
245 1 0 |a Bytový dom 
260 |c 2017 
650 4 |a bytový dom  |2 slo 
650 4 |a realizačný projekt  |2 slo 
650 4 |a stavebnotechnické riešenie  |2 slo 
650 4 |a residential house  |2 eng 
650 4 |a implementation plan  |2 eng 
650 4 |a technical-building solution  |2 eng 
700 1 |a Puškár, Anton  |u 010180  |k Z1  |4 ths  |U SvF Stavebná fakulta  |T SvF Katedra konštrukcií pozemných stavieb  |X 747  |U V180  |Y 18  |7 A000000747 
856 4 |u http://is.stuba.sk/zp/portal_zp.pl?podrobnosti=111542 
856 4 |u https://opac.crzp.sk/?fn=detailBiblioForm&sid=18225BB4525340AB795B64F3993B